Most Viewed Music Videos (Michael Jackson) - Statistics

General Stats
  • This quiz has been taken 47 times
  • The average score is 7 of 10
Answer Stats
Views Answer % Correct
1B Thriller
98%
1.1B Beat It
93%
1.8B Billie Jean
88%
502M Bad
80%
1B Smooth Criminal
76%
502M Black Or White
59%
595M Remember The Time
54%
496M The Way You Make Me Feel
54%
1.1B They Don't Care About Us
44%
475M Earth Song
34%
No matching quizzes found
Score Distribution
Percent of People with Each Score
Percentile by Number Answered
Your Score History
You have not taken this quiz